[Event "Reykjavik op 22nd"]
[Site "Reykjavik"]
[Date "2006.03.09"]
[Round "4"]
[White "Mouradian, Knarik Jacob"]
[Black "Kristjansson, Atli Freyr"]
[Result "1-0"]
[WhiteElo "2190"]
[BlackElo "1922"]
[PlyCount "117"]
[EventDate "2006.03.06"]
[EventType "swiss"]
[EventRounds "9"]
[EventCountry "ISL"]
[SourceTitle "CBM 111 Extra"]
[Source "ChessBase"]
[SourceDate "2006.05.09"]
[SourceVersion "1"]
[SourceVersionDate "2006.05.09"]
[SourceQuality "1"]

1. e4 c5 2. Nf3 d6 3. d4 cxd4 4. Nxd4 Nf6 5. Nc3 a6 6. f4 e5 7. Nf3 Nbd7 8. a4 Be7 9. Bc4 0-0 10. 0-0 Qc7 11. Qe2 exf4 12. Bxf4 Ne5 13. Bxe5 dxe5 14. Kh1 Be6 15. Bxe6 fxe6 16. Rad1 Rad8 17. Ng5 Qc6 18. Rd3 Rxd3 19. Qxd3 h6 20. Nf3 Qc7 21. Nh4 Ng4 22. Rxf8+ Bxf8 23. Qf3 Qf7 24. Qxf7+ Kxf7 25. Nd1 Nf6 26. Nf3 Nxe4 27. Nxe5+ Ke8 28. g3 Bc5 29. Kg2 Ke7 30. b3 Nd2 31. Nb2 Bd4 32. Nbd3 Kd6 33. Nf3 Nxf3 34. Kxf3 b5 35. axb5 axb5 36. c4 bxc4 37. bxc4 h5 38. h4 Bf6 39. Nf4 Kc5 40. Nxh5 Bc3 41. Nf4 Kxc4 42. Ke4 Be1 43. Ne2 Kc5 44. Ke5 Kc4 45. h5 Kd3 46. Nf4+ Kc4 47. g4 Bg3 48. g5 Be1 49. g6 Bd2 50. Nxe6 Bc3+ 51. Kd6 Kd3 52. Ke7 Ke4 53. Nxg7 Kf4 54. Ne6+ Kf5 55. Kf7 Kg4 56. h6 Kh5 57. g7 Kxh6 58. g8Q Bd2 59. Qh8# 1-0

[Event "Reykjavik op 22nd"]
[Site "Reykjavik"]
[Date "2006.03.06"]
[Round "1"]
[White "Kristjansson, Atli Freyr"]
[Black "Sigfusson, Sigurdur Dadi"]
[Result "0-1"]
[WhiteElo "1922"]
[BlackElo "2339"]
[PlyCount "104"]
[EventDate "2006.03.06"]
[EventType "swiss"]
[EventRounds "9"]
[EventCountry "ISL"]
[SourceTitle "CBM 111 Extra"]
[Source "ChessBase"]
[SourceDate "2006.05.09"]
[SourceVersion "1"]
[SourceVersionDate "2006.05.09"]
[SourceQuality "1"]

1. d4 Nf6 2. c4 e6 3. Nc3 Bb4 4. e3 0-0 5. Bd3 d5 6. Nf3 c5 7. 0-0 cxd4 8. exd4 dxc4 9. Bxc4 Nbd7 10. Bg5 a6 11. Qe2 b5 12. Bd3 Bb7 13. Ne5 Bxc3 14. bxc3 Nb6 15. f4 Nbd5 16. Qf3 Qc7 17. Qh3 Qxc3 18. Rad1 g6 19. Kh1 Qb2 20. Rf3 Rac8 21. f5 exf5 22. Bxf5 Qe2 23. Rg1 Ne4 24. Bxe4 Qxe4 25. Nd7 f5 26. Nxf8 Rxf8 27. Qh4 Qxh4 28. Bxh4 Rc8 29. Rf2 Rc4 30. Rd2 h6 31. Re1 g5 32. Bf2 Kf7 33. h3 Nf4 34. Be3 Nxg2 35. Rxg2 Rc2 36. Reg1 Rc3 37. Re1 Rc2 38. Reg1 f4 39. d5 Bxd5 40. Bb6 Rxa2 41. Kh2 Bxg2 42. Rxg2 Rxg2+ 43. Kxg2 Ke6 44. Kf3 Kf5 45. Ba5 h5 46. Bb4 g4+ 47. hxg4+ hxg4+ 48. Kf2 Ke4 49. Bd2 f3 50. Ba5 Kd3 51. Kg1 Ke2 52. Bb6 g3 0-1